000 00318nam a22001457a 4500
008 230630b ||||| |||| 00| 0 eng d
020 _a9781323586532
041 _aeng
080 _a004
082 _a004
100 _a18
101 _aSHKI
245 _aWEB DEVELOPMENT AND DESIGN
_cMORRIS .F.T
942 _2udc
_cBK
999 _c60068
_d60068